| 000 | 01488nam a2200397Ii 4500 | ||
|---|---|---|---|
| 001 | DIGBONART0244 | ||
| 003 | NyNyDIG | ||
| 007 | cr ||||||||||| | ||
| 008 | 220317s2021 mx o 000 0 spa d | ||
| 006 | m o d | ||
| 035 | _a(OCoLC)1281986697 | ||
| 040 |
_aDGITA _beng _erda _epn _cDGITA |
||
| 020 |
_a9786078781621 _qeBook |
||
| 020 | _z9786078781331 | ||
| 050 | 1 | 4 | _aPQ7298.41.Y32 ebook |
| 100 | 1 |
_aAyala Blanco, Luis Alberto, _eauthor. |
|
| 245 | 1 | 0 |
_aEstupidez ilustrada / _cLuis Alberto Ayala Blanco. |
| 264 | 1 |
_aCiudad de México : _bBonilla Artigas Editores, _c[2021] |
|
| 300 | _a1 online resource. | ||
| 336 |
_atext _btxt _2rdacontent |
||
| 337 |
_acomputer _bc _2rdamedia |
||
| 338 |
_aonline resource _bcr _2rdacarrier |
||
| 347 |
_atext file _2rdaft |
||
| 347 | _bPDF | ||
| 490 | 1 |
_aAsterisco ; _v5 |
|
| 588 | 0 | _aOnline resource; title from PDF title page (Digitalia, viewed March 17, 2022) | |
| 650 | 0 |
_aMexican essays _y21st century. |
|
| 655 | 0 | _aElectronic books. | |
| 791 | 2 |
_aDigitalia (Firm), _edistributor. |
|
| 793 | 0 |
_gDigitalia eBook Collection: _aBonilla Artigas Editores |
|
| 776 | 0 | 8 |
_iPrint version: _aAyala Blanco, Luis Alberto. _tEstupidez ilustrada. _bPrimera edición. _dCiudad de México : Bonilla Artigas Editores, [2021] _z9786078781331 |
| 830 | 0 |
_aAsterisco (Mexico City, Mexico) ; _v5. |
|
| 856 | 4 | 0 |
_3Digitalia Hispánica _uhttps://www.digitaliapublishing.com/a/110251/ |
| 910 | _aPremium collection: 2022 | ||
| 942 | _cRAA | ||
| 999 |
_c272626 _d272626 |
||